Síntesis de derecho procesal civil

Պահպանված է:
Մատենագիտական մանրամասներ
Հիմնական հեղինակ: Jorquera Lorca, René (Հեղինակ)
Ձևաչափ: Գիրք
Լեզու:իսպաներեն
Հրապարակվել է: Santiago Ediciones Jurídicas La Ley 1995
Հրատարակություն:3a. ed
Շարք:Manuales Universitarios, 21
Խորագրեր:
Ցուցիչներ: Ավելացրեք ցուցիչ
Չկան պիտակներ, Եղեք առաջինը, ով նշում է այս գրառումը!

MARC

LEADER 00000nam a2200000 a 4500
001 UCU0213
003 CL-VaPUC
008 960322e19950000CL |||||||||||||||||spa|d
082 0 4 |a 347.8305  |b JOR  |2 21 
100 |a Jorquera Lorca, René  |e author  |9 596939 
245 1 0 |a Síntesis de derecho procesal civil 
250 |a 3a. ed 
300 |a 504 p 
942 |c BK 
945 |d 19960322 00:00:00  |a rbrito 
260 |a Santiago  |b Ediciones Jurídicas La Ley  |c 1995 
650 0 |a Derecho procesal civil  |9 258071 
650 0 |a Recursos procesales  |9 255595 
650 0 |a Procedimiento penal  |9 254974 
650 7 |a JUICIO ORDINARIO  |2 CL-VaPUC  |9 254867 
650 7 |a JUICIOS ESPECIALES  |2 CL-VaPUC  |9 348378 
650 0 |a Jurisdicción voluntaria  |9 348379 
583 |a last modification  |c 19960322 00:00:00  |k Rodrigo Vera 
490 0 |a Manuales Universitarios, 21 
999 |c 245116  |d 245114